Países mais populosos por hemisfério - Statistics

Estatísticas Gerais
  • Esse quiz foi jogado 61 vezes
  • A pontuação média é 16 de 20
Estatísticas das Respostas
População Países % Correto
241,2 mi Brasil
100%
1417,4 mi Índia
100%
1407,9 mi China
98%
342,1 mi Estados Unidos
96%
285,7 mi Indonésia
96%
131,0 mi México
96%
146,0 mi Rússia
94%
45,1 mi Argentina
92%
236,2 mi Nigéria
90%
124,1 mi Japão
86%
59,3 mi África do Sul
84%
256,2 mi Paquistão
82%
36,9 mi Angola
80%
105,8 mi RD Congo
78%
177,5 mi Bangladesh
68%
31,2 mi Moçambique
68%
32,9 mi Peru
64%
125,0 mi Etiópia
62%
59,7 mi Tanzânia
52%
27,6 mi Madagascar
30%
Nenhum quiz correspondente encontrado
Distribuição das Pontuações
Porcentagem de Pessoas com Cada Pontuação
Percentil de Números Respondidos
Sua Pontuação Histórica
Você não jogou esse quiz